Влияние техногенного загрязнения на почвообитающих беспозвоночных; Современные техника и технологии; Т. 3
| Parent link: | Современные техника и технологии: сборник трудов XX международной научно-практической конференции студентов, аспирантов и молодых ученых, Томск, 14-18 апреля 2014 г./ Национальный исследовательский Томский политехнический университет (ТПУ).— , 2014 Т. 3.— 2014.— [С. 87-88] |
|---|---|
| Main Author: | |
| Corporate Author: | |
| Other Authors: | , , |
| Summary: | Заглавие с титульного экрана |
| Language: | Russian |
| Published: |
2014
|
| Series: | Контроль и управление качеством |
| Subjects: | |
| Online Access: | http://earchive.tpu.ru/handle/11683/20892 http://www.lib.tpu.ru/fulltext/c/2014/C01/V3/040.pdf |
| Format: | Electronic Book Chapter |
| KOHA link: | https://koha.lib.tpu.ru/cgi-bin/koha/opac-detail.pl?biblionumber=607230 |
MARC
| LEADER | 00000naa2a2200000 4500 | ||
|---|---|---|---|
| 001 | 607230 | ||
| 005 | 20240117140628.0 | ||
| 035 | |a (RuTPU)RU\TPU\conf\4611 | ||
| 035 | |a RU\TPU\conf\4608 | ||
| 090 | |a 607230 | ||
| 100 | |a 20140704d2014 k y0rusy50 ca | ||
| 101 | 0 | |a rus | |
| 102 | |a RU | ||
| 105 | |a y z 101zy | ||
| 135 | |a drcn ---uucaa | ||
| 181 | 0 | |a i | |
| 182 | 0 | |a b | |
| 200 | 1 | |a Влияние техногенного загрязнения на почвообитающих беспозвоночных |f О. А. Киреева, Д. О. Котова |g науч. рук. А. Г. Мальчик ; Т. В. Денисова | |
| 203 | |a Текст |c электронный | ||
| 225 | 1 | |a Контроль и управление качеством | |
| 300 | |a Заглавие с титульного экрана | ||
| 320 | |a [Библиогр.: с. 88 (2 назв.)] | ||
| 337 | |a Adobe Reader | ||
| 461 | 1 | |0 (RuTPU)RU\TPU\conf\3687 |t Современные техника и технологии |o сборник трудов XX международной научно-практической конференции студентов, аспирантов и молодых ученых, Томск, 14-18 апреля 2014 г. |o в 3 т. |f Национальный исследовательский Томский политехнический университет (ТПУ) |d 2014 | |
| 463 | 0 | |0 (RuTPU)RU\TPU\conf\3691 |t Т. 3 |v [С. 87-88] |d 2014 | |
| 610 | 1 | |a труды учёных ТПУ | |
| 610 | 1 | |a электронный ресурс | |
| 610 | 1 | |a техногенное загрязнение | |
| 610 | 1 | |a беспозвоночные | |
| 610 | 1 | |a экологические проблемы | |
| 610 | 1 | |a тяжелые металлы | |
| 610 | 1 | |a соединения | |
| 700 | 1 | |a Киреева |b О. А. | |
| 701 | 1 | |a Котова |b Д. О. | |
| 702 | 1 | |a Мальчик |b А. Г. |c специалист в области экологии и безопасности жизнедеятельности |c доцент Юргинского технологического института Томского политехнического университета, кандидат технических наук |f 1970- |g Александра Геннадьевна |4 727 | |
| 702 | 1 | |a Денисова |b Т. В. | |
| 712 | 0 | 2 | |a Национальный исследовательский Томский политехнический университет (ТПУ) |b Юргинский технологический институт (филиал) (ЮТИ) |b Кафедра безопасности жизнедеятельности, экологии и физического воспитания (БЖДЭФВ) |3 (RuTPU)RU\TPU\col\18930 |
| 801 | 2 | |a RU |b 63413507 |c 20210312 |g RCR | |
| 856 | 4 | |u http://earchive.tpu.ru/handle/11683/20892 | |
| 856 | 4 | |u http://www.lib.tpu.ru/fulltext/c/2014/C01/V3/040.pdf | |
| 942 | |c BK | ||